ბათუმის შოთა რუსთაველის სახელმწიფო უნივერსიტეტის ბიბლიოთეკა

MATLAB For Beginners: A Gentle Approach / (ბიბ.ჩანაწერი № 57415)

000 -LEADER
fixed length control field 00523nam a22001817a 4500
005 - DATE AND TIME OF LATEST TRANSACTION
control field 20200618113214.0
008 - FIXED-LENGTH DATA ELEMENTS--GENERAL INFORMATION
fixed length control field 200618s2008 enk||||| |||| 00| 0 eng d
020 ## - INTERNATIONAL STANDARD BOOK NUMBER
International Standard Book Number 9781438203096
041 ## - LANGUAGE CODE
Language code of text/sound track or separate title eng
080 ## - UNIVERSAL DECIMAL CLASSIFICATION NUMBER
Universal Decimal Classification number 512.83+004+620 K-23
100 ## - MAIN ENTRY--PERSONAL NAME
Personal name Kattan P. I.
9 (RLIN) 8498
245 ## - TITLE STATEMENT
Title MATLAB For Beginners: A Gentle Approach /
Statement of responsibility, etc. Peter I. Kattan.
264 ## - PRODUCTION, PUBLICATION, DISTRIBUTION, MANUFACTURE, AND COPYRIGHT NOTICE
Place of production, publication, distribution, manufacture Middletown,
Date of production, publication, distribution, manufacture, or copyright notice 2008
300 ## - PHYSICAL DESCRIPTION
Extent 286 p.
Other physical details 23 cm.
653 ## - INDEX TERM--UNCONTROLLED
keyword პროგრამირება
653 ## - INDEX TERM--UNCONTROLLED
keyword მატემატიკა
942 ## - ADDED ENTRY ELEMENTS (KOHA)
Source of classification or shelving scheme
Koha item type წიგნი
ეგზემპლარები
Withdrawn status Lost status Source of classification or shelving scheme Damaged status Not for loan Permanent Location Current Location Shelving location Date acquired Cost, normal purchase price Full call number Barcode Date last seen Copy number Price effective from Koha item type Public note
          ბათუმის შოთა რუსთაველის სახელმწიფო უნივერსიტეტის მთავარი ბიბლიოთეკა ბათუმის შოთა რუსთაველის სახელმწიფო უნივერსიტეტის მთავარი ბიბლიოთეკა წიგნსაცავი 2020-06-18 88.00 512.83+004+620 K-23 60612 2020-06-18 60612 2020-06-18 წიგნი 88 ლ.